000 01464 a2200241 4500
001 3
005 20260407155401.0
008 260407a1994 arg spa d
003 AR-UNSa-BCEJYS
040 _aAR-UNSa-BCEJYS
_bspa
_cAR-UNSa-BCEJYS
080 _a658.15
_xAdministración financiera privada. Gestión financiera de empresas
245 1 0 _aFinanzas para empresas competitivas
_pconceptos esenciales para decisiones eficientes
020 _a950-641-212-x
264 1 _aBuenos Aires :
_bGranica
_c1994
300 _a403 p.
_c22 cm
505 _a1. La información económico-financiera básica - 2. El análisis del break-even o punto muerto - 3. Análisis financiero mediante el uso de ratios - 4. El ciclo de caja. La cuenta de resultados y los resultados financieros - 5. El pronostico financiero de corto plazo en la empresa - 6. Una visión conceptual sobre el interés - 7. La valuación de recursos en distintos momentos del tiempo - 8. Los métodos de evaluación de proyectos: Los Unos - 9. Los métodos de evaluación de proyectos: Los Otros - 10. De cómo descontar qué cash-flows - 11. La estructura de capital - 12. El"Capital Asset Pricing Model"(CAPM - 13. La inversión en los mercados financieros.
041 _aspa
942 _cBK
590 _aniveau_biblio:m niveau_hierar:0
100 1 _aMondino, Diana
700 1 _aPendás, Eugenio A.
856 4 1 _uhttps://170.210.207.44/pmb/images/libros/L69557.jpg
_yImagen de portada
_qimage/jpeg
999 _c3
_d3